[Event "Carnaval"]
[Site "Quebec CAN"]
[Date "2025.02.21"]
[Round "1"]
[White "Berube, Maximilien"]
[Black "Adam, Rafael"]
[Result "0-1"]
[WhiteElo "1919"]
[BlackElo "2289"]
[WhiteFideId "-1"]
[WhiteFideId "-1"]
[PlyCount "134"]
[GameId "2151043325150129"]
[EventDate "2025.02.21"]
[EventType "swiss"]
[EventRounds "5"]
[EventCountry "CAN"]
[TimeControl "5400+30"]

1. e4 c6 2. d4 d5 3. Nc3 dxe4 4. Nxe4 Nf6 5. Qd3 Nbd7 6. Nf3 Nxe4 7. Qxe4 Nf6 8. Qh4 Bf5 9. c3 e6 10. Be2 Be7 11. Bg5 Qb6 12. O-O-O Qa5 13. Bc4 Ba3 14. Bd2 Ne4 15. Qf4 Nxf2 16. Rdf1 Qa4 17. Bb3 Nd3+ 18. Kd1 Nxb2+ 19. Ke1 Nd3+ 20. Kd1 Qxb3+ 21. axb3 Nxf4 22. Bxf4 Ke7 23. Nh4 Be4 24. Re1 f5 25. Nf3 Bxf3+ 26. gxf3 Bd6 27. Be5 Rhg8 28. h4 Bxe5 29. Rxe5 Kf6 30. Kd2 Rad8 31. Rhe1 Rge8 32. Kd3 Re7 33. c4 Kf7 34. Kc3 Rd6 35. f4 Red7 36. Rd1 Kf6 37. Rd2 g6 38. c5 Rd5 39. Re3 Re7 40. Ra2 Red7 41. Rd3 b6 42. b4 Rb7 43. Ra6 Rdd7 44. Rd2 h6 45. Re2 Re7 46. Ra1 Rg7 47. Rae1 Rbc7 48. b5 bxc5 49. bxc6 cxd4+ 50. Kxd4 Rg8 51. Kc5 Rd8 52. Re5 Rd2 53. R1e2 Rd1 54. Re1 Rd2 55. R1e2 Rd3 56. R2e3 Rd8 57. Rb3 g5 58. hxg5+ hxg5 59. Rb7 Rxb7 60. cxb7 gxf4 61. Re1 e5 62. Ra1 f3 63. Rxa7 Rb8 64. Kc6 f2 65. Ra1 e4 66. Kd5 e3 67. Kd4 e2 0-1

[Event "Carnaval"]
[Site "Quebec CAN"]
[Date "2025.02.21"]
[Round "1"]
[White "Bourassa, Samuel"]
[Black "Zhang, Yitian"]
[Result "1-0"]
[WhiteElo "2044"]
[BlackElo "1784"]
[WhiteFideId "-1"]
[WhiteFideId "-1"]
[PlyCount "85"]
[GameId "2151043325150128"]
[EventDate "2025.02.21"]
[EventType "swiss"]
[EventRounds "5"]
[EventCountry "CAN"]
[TimeControl "5400+30"]

1. e4 c5 2. Nc3 Nc6 3. g3 g6 4. Bg2 Bg7 5. f4 d6 6. d3 e6 7. Nge2 Nge7 8. O-O O-O 9. g4 f5 10. h3 Bd7 11. Be3 fxg4 12. hxg4 Nd4 13. Ng3 Bc6 14. Qd2 Qc7 15. Nd1 Qd7 16. c3 Nb5 17. d4 b6 18. Bh3 cxd4 19. cxd4 Qb7 20. Nf2 a5 21. g5 Bd7 22. Ng4 Kh8 23. a4 Nc7 24. b4 b5 25. axb5 a4 26. b6 Nb5 27. Qd3 Qxb6 28. Nf6 Qb7 29. Nxd7 Qxd7 30. d5 Qb7 31. dxe6 Bxa1 32. Rxa1 a3 33. Bg2 a2 34. f5 Ra3 35. Qd2 Rc8 36. Rxa2 Rb3 37. f6 Nc6 38. e5 dxe5 39. Bd5 Rb1+ 40. Kh2 Nc7 41. Be4 Rb3 42. Qd7 Rg8 43. f7 1-0

[Event "Carnaval"]
[Site "Quebec CAN"]
[Date "2025.02.21"]
[Round "1"]
[White "Di Matteo, Alessio"]
[Black "Chiku-Ratte, Olivier-Kenta"]
[Result "0-1"]
[WhiteElo "1973"]
[BlackElo "2402"]
[WhiteFideId "-1"]
[WhiteFideId "-1"]
[PlyCount "94"]
[GameId "2150748453569468"]
[EventDate "2025.02.21"]
[EventType "swiss"]
[EventRounds "5"]
[EventCountry "CAN"]
[TimeControl "5400+30"]

1. d4 Nf6 2. c4 e6 3. Nc3 Bb4 4. a3 Bxc3+ 5. bxc3 O-O 6. f3 Nh5 7. Nh3 f5 8. e4 d6 9. Bg5 Qe8 10. Bd3 fxe4 11. fxe4 e5 12. Be2 Nf6 13. Bxf6 Bxh3 14. Bxg7 Kxg7 15. gxh3 Qe7 16. Rg1+ Kh8 17. Qd3 Qh4+ 18. Qg3 Qxg3+ 19. hxg3 exd4 20. cxd4 Nc6 21. d5 Nd4 22. Rd1 Nb3 23. Rd3 Nc5 24. Re3 Rae8 25. Bf3 Kg7 26. Rf1 Re7 27. Bg2 Rxf1+ 28. Kxf1 Kf6 29. Rf3+ Ke5 30. Rf4 Rg7 31. Rh4 Kd4 32. Kg1 Ke3 33. Kh2 Nd3 34. Bf1 Ne5 35. Rf4 a5 36. Kg2 Ng6 37. Rf2 Nh4+ 38. Kg1 Rxg3+ 39. Bg2 Nxg2 40. Rxg2 Rxg2+ 41. Kxg2 Kxe4 42. Kg3 c6 43. Kg4 cxd5 44. cxd5 Kxd5 45. Kf5 b5 46. h4 b4 47. axb4 axb4 0-1

[Event "Carnaval"]
[Site "Quebec CAN"]
[Date "2025.02.21"]
[Round "1"]
[White "Jiang, Barron Jiyu"]
[Black "Rainfray, Arnaud"]
[Result "1-0"]
[WhiteElo "1956"]
[BlackElo "2350"]
[WhiteFideId "-1"]
[WhiteFideId "-1"]
[PlyCount "61"]
[GameId "2150748453557175"]
[EventDate "2025.02.21"]
[EventType "swiss"]
[EventRounds "5"]
[EventCountry "CAN"]

{600MB, Fritz12.ctg, DESKTOP-7900L8B} 1. e4 c5 2. Nf3 Nc6 3. d4 cxd4 4. Nxd4 Nf6 5. Nc3 e5 6. Ndb5 d6 7. Bg5 a6 8. Na3 b5 9. Nd5 Be7 10. Bxf6 Bxf6 11. c3 Bb7 12. Nc2 Nb8 13. Nce3 Bg5 14. Bd3 O-O 15. Bc2 Nd7 16. Qe2 Nb6 17. Rd1 Rc8 18. Nxb6 Qxb6 19. Nf5 b4 20. Qg4 f6 21. h4 bxc3 22. hxg5 cxb2 23. Bb3+ d5 24. Ne7+ Kf7 25. Nxd5 Bxd5 26. Bxd5+ Ke7 27. O-O Rc7 28. Bb3 Rfc8 29. Qe2 fxg5 30. Qxb2 Rc5 31. Qd2 1-0

[Event "Carnaval"]
[Site "Quebec CAN"]
[Date "2025.02.21"]
[Round "1"]
[White "Lalonde, Jean-Louis"]
[Black "St-Pierre, Steve"]
[Result "1/2-1/2"]
[WhiteElo "1724"]
[BlackElo "1880"]
[WhiteFideId "-1"]
[WhiteFideId "-1"]
[PlyCount "121"]
[GameId "2151043325408179"]
[EventDate "2025.02.21"]
[EventType "swiss"]
[EventRounds "5"]
[EventCountry "CAN"]
[TimeControl "5400+30"]

1. d4 d6 2. Nf3 Nf6 3. Nbd2 c6 4. e4 Qc7 5. b3 e5 6. dxe5 dxe5 7. Bb2 Nbd7 8. Bd3 Bc5 9. O-O O-O 10. a3 a5 11. c3 Re8 12. b4 Bf8 13. Nc4 a4 14. Ne3 Nh5 15. g3 g6 16. Bc4 Nb6 17. Ba2 Bh3 18. Ng5 Red8 19. Qf3 Bxf1 20. Bxf7+ Kh8 21. Kxf1 Rd2 22. Rb1 Bh6 23. Ne6 Qe7 24. c4 Nd7 25. Ng4 Bg7 26. Bc3 Rd6 27. Nxg7 Nxg7 28. c5 Re6 29. Bxe6 Qxe6 30. Rd1 h5 31. Ne3 Rf8 32. Qe2 Nf6 33. Qf3 Kg8 34. Rd6 Qh3+ 35. Qg2 Qxg2+ 36. Kxg2 Nxe4 37. Bxe5 Rxf2+ 38. Kg1 Re2 39. Rd8+ Kf7 40. Bxg7 Rxe3 41. Bh8 Rxa3 42. Rd7+ Ke6 43. Rxb7 Rb3 44. Rg7 Kf5 45. Rf7+ Ke6 46. Rg7 Rxb4 47. Rxg6+ Kd5 48. Rh6 Kxc5 49. Rxh5+ Kc4 50. Ra5 Kb3 51. Kg2 Rc4 52. h4 a3 53. h5 Rc2+ 54. Kf3 Nd2+ 55. Kf4 Nc4 56. Ra6 Rf2+ 57. Kg5 c5 58. h6 Rg2 59. Kf4 Rf2+ 60. Kg5 Rg2 61. Kf4 1/2-1/2

[Event "Carnaval"]
[Site "Quebec CAN"]
[Date "2025.02.21"]
[Round "1"]
[White "Lane, Ryan"]
[Black "Vaillant, Charles-Etienne"]
[Result "1-0"]
[WhiteElo "2204"]
[BlackElo "1906"]
[WhiteFideId "-1"]
[WhiteFideId "-1"]
[PlyCount "125"]
[GameId "2151043325154226"]
[EventDate "2025.02.21"]
[EventType "swiss"]
[EventRounds "5"]
[EventCountry "CAN"]
[TimeControl "5400+30"]

1. e4 c5 2. Nf3 e6 3. d4 cxd4 4. Nxd4 Nf6 5. Bd3 Nc6 6. Nxc6 bxc6 7. c4 d5 8. cxd5 cxd5 9. exd5 Nxd5 10. O-O Be7 11. Nd2 O-O 12. Nf3 Nb4 13. Be4 Ba6 14. Bxa8 Bxf1 15. Qxd8 Rxd8 16. Kxf1 Rxa8 17. Be3 a5 18. Bd2 Bf6 19. Bc3 Nd5 20. Bxf6 gxf6 21. Rc1 a4 22. Nd2 a3 23. b3 Nb4 24. Nc4 Nxa2 25. Ra1 Nc3 26. Rxa3 Rd8 27. Ra1 Rb8 28. Nd2 f5 29. g3 Ne4 30. Nxe4 fxe4 31. Ra3 Kg7 32. Ke2 f5 33. Ke3 Rb4 34. Kd2 Kf6 35. Kc3 Rb7 36. Ra2 Ke5 37. b4 Kd5 38. Rd2+ Kc6 39. Kc4 h5 40. h4 Rb8 41. Rb2 e3 42. fxe3 Rg8 43. b5+ Kb6 44. Rd2 Rxg3 45. Rd6+ Kb7 46. Rxe6 Rg1 47. Re5 Rf1 48. Kc5 f4 49. exf4 Rxf4 50. Rxh5 Rf6 51. Rh7+ Kb8 52. Rd7 Rh6 53. Rd4 Kb7 54. Kb4 Kb8 55. Ka5 Kb7 56. Rg4 Kb8 57. b6 Rh8 58. Ka6 Ka8 59. h5 Kb8 60. h6 Kc8 61. b7+ Kb8 62. h7 Kc7 63. Rg8 1-0

[Event "Carnaval"]
[Site "Quebec CAN"]
[Date "2025.02.21"]
[Round "1"]
[White "Latorre, Vincent"]
[Black "Plante, Rejean"]
[Result "0-1"]
[WhiteElo "2368"]
[BlackElo "1957"]
[WhiteFideId "-1"]
[WhiteFideId "-1"]
[PlyCount "108"]
[GameId "2150748453557176"]
[EventDate "2025.02.21"]
[EventType "swiss"]
[EventRounds "5"]
[EventCountry "CAN"]

1. e4 c5 2. Nf3 Nc6 3. d4 cxd4 4. Nxd4 Qb6 5. Nb3 Nf6 6. Nc3 e6 7. Be3 Qc7 8. f4 d6 9. g4 Be7 10. g5 Nd7 11. Rg1 a6 12. Qg4 b5 13. a3 Nb6 14. f5 Ne5 15. Qf4 Nbc4 16. Bc1 Qb6 17. Ne2 Bd7 18. Nbd4 Nc6 19. Nxc6 Bxc6 20. b3 Qa5+ 21. Kd1 Ne5 22. Bb2 Qc7 23. Nd4 Bd7 24. Bh3 exf5 25. exf5 O-O 26. Bg2 Rac8 27. Re1 Rfe8 28. f6 Bf8 29. Be4 Bg4+ 30. Ne2 Bxe2+ 31. Rxe2 g6 32. Bd5 Qc5 33. Qd4 Nd7 34. Rxe8 Qxc2+ 35. Ke1 Rxe8+ 36. Kf1 Qxh2 37. Re1 Qh3+ 38. Kf2 Rxe1 39. Kxe1 Qg3+ 40. Kd1 Qxg5 41. Qe4 Ne5 42. Bc1 Qxf6 43. a4 bxa4 44. bxa4 Qf1+ 45. Kc2 Qf2+ 46. Kb3 Qb6+ 47. Qb4 Qxb4+ 48. Kxb4 Nd3+ 49. Ka5 Nxc1 50. Kxa6 Bh6 51. Kb7 Bd2 52. Kc6 Bb4 53. Kb5 Bc5 54. Bc4 h5 0-1

[Event "Carnaval"]
[Site "Quebec CAN"]
[Date "2025.02.21"]
[Round "1"]
[White "Masse, Hugues"]
[Black "Marquis, Paul"]
[Result "1-0"]
[WhiteElo "2121"]
[BlackElo "1861"]
[WhiteFideId "-1"]
[WhiteFideId "-1"]
[PlyCount "157"]
[GameId "2151043325146031"]
[EventDate "2025.02.21"]
[EventType "swiss"]
[EventRounds "5"]
[EventCountry "CAN"]
[TimeControl "5400+30"]

1. d4 Nf6 2. Bf4 g6 3. Nf3 Bg7 4. c3 O-O 5. Nbd2 d6 6. e4 Nbd7 7. Be2 Nh5 8. Be3 e5 9. dxe5 dxe5 10. O-O Qe7 11. Re1 Nf4 12. Bf1 Rd8 13. g3 Ne6 14. Qc2 b6 15. Rad1 Bb7 16. Be2 Bf6 17. Nc4 Ng5 18. Nfd2 Nc5 19. f3 Ba6 20. h4 Nge6 21. Bf2 c6 22. b4 Nb7 23. Nf1 Bxc4 24. Bxc4 Nd6 25. Bb3 Bg7 26. Ne3 Nb7 27. a3 Rxd1 28. Rxd1 Rd8 29. Kg2 Kf8 30. Bc4 Rxd1 31. Qxd1 Ke8 32. Be2 Qd6 33. Qa4 b5 34. Qxa7 Nbd8 35. Nf1 Bh6 36. a4 bxa4 37. Qxa4 Bf8 38. Qc2 Nb7 39. Ne3 Nc7 40. Nc4 Qe6 41. Ne3 Nb5 42. Nd5 N7d6 43. Nb6 Be7 44. Kh2 Bd8 45. Na4 Nb7 46. Nb6 N7d6 47. Bf1 f5 48. exf5 gxf5 49. Na4 e4 50. Nc5 Qe7 51. c4 e3 52. cxb5 exf2 53. bxc6 Qe1 54. Qe2+ Be7 55. b5 Qb4 56. Nb7 Nxb7 57. cxb7 Qd6 58. f4 Qb6 59. Bg2 Kd8 60. Qxf2 Qxf2 61. b8=Q+ Kd7 62. Qb7+ Ke6 63. Qd5+ Kf6 64. Qe5+ Kf7 65. Qxf5+ Kg7 66. Qd7 Kf8 67. Qc8+ Kg7 68. Qb7 Kf8 69. b6 Bxh4 70. Qc8+ Ke7 71. Qg4 Bxg3+ 72. Qxg3 Qxb6 73. Qg7+ Ke8 74. Qh8+ Ke7 75. Qg7+ Ke8 76. Qe5+ Kf8 77. Qg5 Qd6 78. Kg3 Qd3+ 79. Bf3 1-0

[Event "Carnaval"]
[Site "Quebec CAN"]
[Date "2025.02.21"]
[Round "1"]
[White "Moses, Neil"]
[Black "Dufresne, Christophe"]
[Result "1-0"]
[WhiteElo "2326"]
[BlackElo "1941"]
[WhiteFideId "-1"]
[WhiteFideId "-1"]
[PlyCount "133"]
[GameId "2151043325445059"]
[EventDate "2025.02.21"]
[EventType "swiss"]
[EventRounds "5"]
[EventCountry "CAN"]
[TimeControl "5400+30"]

1. Nf3 Nf6 2. e3 d5 3. b3 e6 4. Bb2 Be7 5. c4 c5 6. cxd5 exd5 7. d4 O-O 8. dxc5 Bxc5 9. Bd3 Nc6 10. O-O Bg4 11. Nc3 a6 12. Be2 Be7 13. h3 Bh5 14. Nd4 Bg6 15. Nxc6 bxc6 16. Rc1 c5 17. Na4 Ne4 18. Ba3 Qc7 19. Nxc5 Qa5 20. Qxd5 Nc3 21. Rxc3 Qxc3 22. Na4 Qf6 23. Bb2 Qh4 24. Qd4 Bf6 25. Qxh4 Bxh4 26. Bd4 a5 27. Nb6 Rad8 28. Bb5 Rb8 29. a4 Rfd8 30. Nc4 Bd3 31. Rd1 Bc2 32. Rd2 Bxb3 33. Nxa5 Bxa4 34. Bxa4 Ra8 35. Nb7 Rxa4 36. Nxd8 Bxd8 37. Rb2 Ra1+ 38. Kh2 Bc7+ 39. g3 Ra8 40. Rb7 Rc8 41. Kg2 f6 42. f4 Bd6 43. Kf3 Rc7 44. Rb5 Kf7 45. h4 Rc6 46. e4 Rc4 47. Rb7+ Rc7 48. Rb3 Rc1 49. e5 fxe5 50. fxe5 Be7 51. Ke4 Rc8 52. Rb7 g6 53. Be3 Ke6 54. Rb6+ Kf7 55. e6+ Kf8 56. Rb7 Rc6 57. Bh6+ Ke8 58. Rb8+ Bd8 59. Bg5 Rxe6+ 60. Kd5 Re1 61. Rxd8+ Kf7 62. Rd7+ Kg8 63. Bf6 Rg1 64. Ke6 Re1+ 65. Be5 h5 66. Rd8+ Kh7 67. Rh8# 1-0

[Event "Carnaval"]
[Site "Quebec CAN"]
[Date "2025.02.21"]
[Round "1"]
[White "Sai, Krishna GV"]
[Black "Turcotte, Jonathan"]
[Result "1/2-1/2"]
[WhiteElo "2445"]
[BlackElo "2036"]
[WhiteFideId "-1"]
[WhiteFideId "-1"]
[PlyCount "91"]
[GameId "2150748453569467"]
[EventDate "2025.02.21"]
[EventType "swiss"]
[EventRounds "5"]
[EventCountry "CAN"]
[TimeControl "5400+30"]

1. e4 c6 2. d4 d5 3. Nc3 dxe4 4. Nxe4 Bf5 5. Ng3 Bg6 6. h4 h6 7. Nf3 Nd7 8. h5 Bh7 9. Bd3 Bxd3 10. Qxd3 e6 11. Bd2 Ngf6 12. O-O-O Be7 13. Kb1 O-O 14. Ne4 c5 15. Bc1 cxd4 16. Nxd4 Nc5 17. Nxf6+ Bxf6 18. Qc4 Rc8 19. Be3 Qa5 20. g4 Na4 21. Qb3 Nc5 22. Qb5 Qxb5 23. Nxb5 a6 24. Nd6 Rc6 25. Bxc5 Rxc5 26. Ne4 Rc4 27. Rhe1 Bh4 28. Rd7 Rd8 29. Rxd8+ Bxd8 30. c3 Be7 31. f3 Kf8 32. Kc2 Rc7 33. a4 f5 34. Nd2 Kf7 35. Kd3 Rd7+ 36. Ke2 b5 37. axb5 axb5 38. Nb3 Bf6 39. Ra1 Rb7 40. Ra6 b4 41. Na5 Rb5 42. Ra7+ Kf8 43. Ra8+ Kf7 44. Ra7+ Kf8 45. Ra8+ Kf7 46. Ra7+ 1/2-1/2

[Event "Carnaval"]
[Site "Quebec CAN"]
[Date "2025.02.21"]
[Round "1"]
[White "Shi, Evan"]
[Black "Page-Fortin, Mathieu"]
[Result "0-1"]
[WhiteElo "1748"]
[BlackElo "1999"]
[WhiteFideId "-1"]
[WhiteFideId "-1"]
[PlyCount "56"]
[GameId "2151043325412276"]
[EventDate "2025.02.21"]
[EventType "swiss"]
[EventRounds "5"]
[EventCountry "CAN"]
[TimeControl "5400+30"]

1. c4 e6 2. Nc3 b6 3. Nf3 Bb7 4. e3 f5 5. d4 Nf6 6. g3 g5 7. d5 g4 8. Nd4 c5 9. Nde2 Na6 10. e4 Bg7 11. Bg5 Qc8 12. exf5 exd5 13. cxd5 O-O 14. Bg2 d6 15. Qb1 Nb4 16. Bxf6 Bxf6 17. a3 Na6 18. Be4 c4 19. Nf4 Nc5 20. Bc2 Re8+ 21. Kf1 Bxc3 22. bxc3 Bxd5 23. Nxd5 Qc6 24. Qd1 Re5 25. Nf6+ Kf7 26. Rg1 Kxf6 27. Qxg4 Ne4 28. Re1 Nd2# 0-1

[Event "Carnaval"]
[Site "Quebec CAN"]
[Date "2025.02.21"]
[Round "1"]
[White "Vallieres, David"]
[Black "Berube, Antoine"]
[Result "1-0"]
[WhiteElo "1866"]
[BlackElo "2197"]
[WhiteFideId "-1"]
[WhiteFideId "-1"]
[PlyCount "137"]
[GameId "2151043324548003"]
[EventDate "2025.02.21"]
[EventType "swiss"]
[EventRounds "5"]
[EventCountry "CAN"]

1. e4 c5 2. Nf3 Nc6 3. Bb5 Nf6 4. e5 Nd5 5. O-O g6 6. Re1 Bg7 7. Nc3 Nc7 8. Bxc6 dxc6 9. Ne4 Ne6 10. d3 O-O 11. Be3 b6 12. a4 a5 13. Qd2 Nd4 14. Nxd4 cxd4 15. Bh6 c5 16. Ng3 Bb7 17. Re2 Qd5 18. f3 f5 19. exf6 exf6 20. Rae1 Bc6 21. Re7 Rf7 22. Bxg7 Kxg7 23. Qf4 Raf8 24. Qc7 Bxa4 25. b3 Bd7 26. Qxb6 a4 27. Rxf7+ Rxf7 28. Ne4 axb3 29. cxb3 Qe5 30. Qxc5 Re7 31. Qxe5 Rxe5 32. Rc1 Bb5 33. Rc7+ Kf8 34. Nxf6 Re2 35. Nxh7+ Ke8 36. Nf6+ Kf8 37. Nh7+ Ke8 38. Nf6+ Kf8 39. Rc5 Bxd3 40. Rd5 Rb2 41. Rxd4 Rxb3 42. Rd7 Rb1+ 43. Kf2 Rb2+ 44. Kg3 Bf1 45. Kf4 Rxg2 46. Ng4 Bb5 47. Rc7 Bd3 48. h4 Rg1 49. Kg5 Be2 50. Kf6 Kg8 51. Kxg6 Kf8 52. Kf6 Kg8 53. Rc8+ Kh7 54. Kf7 Bc4+ 55. Rxc4 Ra1 56. Rc7 Ra8 57. Ke6+ Kg6 58. Ne5+ Kh6 59. f4 Re8+ 60. Re7 Ra8 61. f5 Ra6+ 62. Kf7 Kh7 63. f6 Kh6 64. Nd7 Ra4 65. Kf8 Ra8+ 66. Re8 Ra7 67. Rd8 Kg6 68. f7 Ra1 69. Kg8 1-0

[Event "Carnaval"]
[Site "Quebec CAN"]
[Date "2025.02.22"]
[Round "2"]
[White "Adam, Rafael"]
[Black "Jiang, Barron Jiyu"]
[Result "1-0"]
[WhiteElo "2289"]
[BlackElo "1956"]
[WhiteFideId "-1"]
[WhiteFideId "-1"]
[PlyCount "75"]
[GameId "2151043325436861"]
[EventDate "2025.02.21"]
[EventType "swiss"]
[EventRounds "5"]
[EventCountry "CAN"]
[TimeControl "5400+30"]

1. d4 Nf6 2. Bf4 d5 3. e3 Bf5 4. c4 e6 5. Nc3 c6 6. Qb3 b6 7. cxd5 Nxd5 8. Bg3 Nxc3 9. bxc3 Bd6 10. Nf3 h5 11. Be5 Bxe5 12. Nxe5 Qd5 13. f3 Qxb3 14. axb3 Ke7 15. e4 Bh7 16. Kd2 f6 17. Nc4 Nd7 18. Bd3 Rhd8 19. Ra6 c5 20. Rha1 b5 21. Ne3 b4 22. d5 bxc3+ 23. Kxc3 Nb6 24. dxe6 Kxe6 25. Nd5 Rab8 26. Rxa7 Nd7 27. R1a6+ Kf7 28. Rd6 Ke8 29. Re6+ Kf8 30. Re7 Ne5 31. f4 Nc6 32. Rf7+ Ke8 33. Rac7 Bg8 34. Rxg7 Kf8 35. Bc4 Na5 36. Rxg8+ Kxg8 37. Nxf6+ Kf8 38. Rf7# 1-0

[Event "Carnaval"]
[Site "Quebec CAN"]
[Date "2025.02.22"]
[Round "2"]
[White "Batorshyn, Ilia"]
[Black "Vallieres, David"]
[Result "0-1"]
[WhiteElo "2253"]
[BlackElo "1866"]
[WhiteFideId "-1"]
[WhiteFideId "-1"]
[PlyCount "140"]
[GameId "2151043324961700"]
[EventDate "2025.02.21"]
[EventType "swiss"]
[EventRounds "5"]
[EventCountry "CAN"]

1. d4 Nf6 2. Bg5 Ne4 3. h4 c5 4. d5 Qb6 5. Nd2 Nxg5 6. hxg5 Qxb2 7. e3 g6 8. Bc4 Bg7 9. Rb1 Qa3 10. Ne2 d6 11. Bb5+ Nd7 12. Nc4 Qxa2 13. c3 a6 14. Bxd7+ Bxd7 15. Rh4 Bb5 16. Rb2 Qxc4 17. Rxc4 Bxc4 18. Rxb7 O-O 19. e4 Rfe8 20. Qa4 Bd3 21. c4 Bxe4 22. f3 Bd3 23. Nc1 Bc3+ 24. Kd1 Bf1 25. Qc2 Ba5 26. Nb3 Bb4 27. Rxb4 cxb4 28. Ke1 Bxg2 29. Qxg2 a5 30. Nd4 a4 31. Qa2 Reb8 32. Nb5 a3 33. Kd2 b3 34. Qa1 b2 35. Qa2 Rxb5 36. cxb5 Rc8 37. b6 Rc1 38. Qxa3 b1=Q 39. Qxc1 Qxb6 40. Qc8+ Kg7 41. Qc3+ f6 42. gxf6+ exf6 43. Qc6 Qb2+ 44. Kd3 Qe5 45. Qd7+ Kh6 46. Kc4 f5 47. Qf7 g5 48. Qf8+ Kh5 49. Qf7+ Kh4 50. Qxh7+ Kg3 51. Qg6 Kxf3 52. Qh5+ g4 53. Qh1+ Kf4 54. Kb5 Qc3 55. Qh6+ Ke4 56. Qe6+ Qe5 57. Kc6 g3 58. Qg8 f4 59. Qh7+ Kd4 60. Qa7+ Ke4 61. Qa4+ Kf3 62. Qd1+ Kg2 63. Qc2+ Kf3 64. Qd3+ Qe3 65. Qf1+ Kg4 66. Qb1 Qc5+ 67. Kb7 Qxd5+ 68. Ka7 g2 69. Qb6 Qc5 70. Ka8 g1=Q 0-1

[Event "Carnaval"]
[Site "Quebec CAN"]
[Date "2025.02.22"]
[Round "2"]
[White "Berube, Antoine"]
[Black "Bain-Thouverez, Aurelien"]
[Result "1-0"]
[WhiteElo "2197"]
[BlackElo "1804"]
[WhiteFideId "-1"]
[WhiteFideId "-1"]
[PlyCount "41"]
[GameId "2151043325424567"]
[EventDate "2025.02.21"]
[EventType "swiss"]
[EventRounds "5"]
[EventCountry "CAN"]
[TimeControl "5400+30"]

1. d4 d5 2. c4 e6 3. Nf3 Nf6 4. g3 c6 5. Bg2 Be7 6. O-O O-O 7. Nc3 b6 8. Nd2 Ba6 9. b3 Nbd7 10. Bb2 Rc8 11. e4 dxe4 12. Ndxe4 c5 13. d5 exd5 14. Nxd5 Nxd5 15. Qxd5 Rc7 16. Rad1 Bb7 17. Qh5 Qa8 18. Qg4 f6 19. Rxd7 Rxd7 20. Qxd7 Bxe4 21. Qe6+ 1-0

[Event "Carnaval"]
[Site "Quebec CAN"]
[Date "2025.02.22"]
[Round "2"]
[White "Cassista, Jeremie"]
[Black "Shi, Evan"]
[Result "1-0"]
[WhiteElo "1834"]
[BlackElo "1748"]
[WhiteFideId "-1"]
[WhiteFideId "-1"]
[PlyCount "63"]
[GameId "2151043325469652"]
[EventDate "2025.02.21"]
[EventType "swiss"]
[EventRounds "5"]
[EventCountry "CAN"]
[TimeControl "5400+30"]

1. d4 Nf6 2. Nf3 g6 3. e3 d5 4. Nbd2 Bg7 5. Bd3 O-O 6. O-O c5 7. c3 c4 8. Bc2 b5 9. e4 e6 10. e5 Nfd7 11. h4 f5 12. Ng5 Nb6 13. Ndf3 h5 14. Nh3 a5 15. Nf4 Qe8 16. Ng5 Bh6 17. Nfh3 Bg7 18. Bd2 Nc6 19. Nf4 Bh6 20. Nfh3 Bg7 21. f3 Nxe5 22. dxe5 Bxe5 23. Bf4 Bg7 24. Bd6 Rf6 25. Be5 Rf8 26. Bxg7 Kxg7 27. Qd4+ e5 28. Qxb6 d4 29. cxd4 Rf6 30. Qc7+ Bd7 31. Qxe5 Qxe5 32. dxe5 1-0

[Event "Carnaval"]
[Site "Quebec CAN"]
[Date "2025.02.22"]
[Round "2"]
[White "Chiku-Ratte, Olivier-Kenta"]
[Black "Bourassa, Samuel"]
[Result "1-0"]
[WhiteElo "2402"]
[BlackElo "2044"]
[WhiteFideId "-1"]
[WhiteFideId "-1"]
[PlyCount "69"]
[GameId "2150748453581757"]
[EventDate "2025.02.21"]
[EventType "swiss"]
[EventRounds "5"]
[EventCountry "CAN"]
[TimeControl "5400+30"]

1. d4 f5 2. g3 Nf6 3. Bg2 g6 4. Nh3 Bg7 5. Nf4 d6 6. d5 c6 7. h4 Nxd5 8. Nxd5 cxd5 9. Qxd5 e6 10. Qb5+ Qd7 11. Qxd7+ Nxd7 12. Na3 a6 13. h5 Rb8 14. c3 b5 15. Nc2 Bb7 16. Bxb7 Rxb7 17. Bf4 Ne5 18. O-O-O Rd7 19. Bxe5 Bxe5 20. Nb4 a5 21. Nc6 Bf6 22. Nxa5 Ra7 23. Nc6 Rxa2 24. Kb1 Ra8 25. Rxd6 gxh5 26. Rxe6+ Kf7 27. Rd6 h4 28. gxh4 Rhg8 29. Rd7+ Ke6 30. Rhd1 f4 31. R1d6+ Kf5 32. Rf7 Rg6 33. Ne7+ Ke5 34. Nxg6+ Kxd6 35. Rxf6+ 1-0

[Event "Carnaval"]
[Site "Quebec CAN"]
[Date "2025.02.22"]
[Round "2"]
[White "Dufresne, Christophe"]
[Black "Dinaud-Rousselle, Kevin"]
[Result "1-0"]
[WhiteElo "1941"]
[BlackElo "1578"]
[WhiteFideId "-1"]
[WhiteFideId "-1"]
[PlyCount "69"]
[GameId "2151043325428664"]
[EventDate "2025.02.21"]
[EventType "swiss"]
[EventRounds "5"]
[EventCountry "CAN"]
[TimeControl "5400+30"]

1. e4 d5 2. exd5 Qxd5 3. Nf3 Qd8 4. d4 c6 5. c4 Nf6 6. Nc3 Bf5 7. Bg5 h6 8. Bh4 g5 9. Bg3 e6 10. Qb3 Qb6 11. c5 Qxb3 12. axb3 Nbd7 13. b4 Be7 14. b5 O-O 15. bxc6 bxc6 16. Ba6 Ne4 17. Bb7 g4 18. Bxa8 Rxa8 19. Nd2 Ndf6 20. Ndxe4 Nxe4 21. Nxe4 Bxe4 22. O-O Bg5 23. Be5 Bd5 24. Ra3 a6 25. Rfa1 Bc4 26. f3 f5 27. Kf2 h5 28. h3 Bh4+ 29. g3 Bg5 30. hxg4 fxg4 31. f4 h4 32. fxg5 Rf8+ 33. Bf4 Rxf4+ 34. gxf4 g3+ 35. Rxg3 1-0

[Event "Carnaval"]
[Site "Quebec CAN"]
[Date "2025.02.22"]
[Round "2"]
[White "Genzling, Jerome"]
[Black "Moses, Neil"]
[Result "0-1"]
[WhiteElo "2104"]
[BlackElo "2326"]
[WhiteFideId "-1"]
[WhiteFideId "-1"]
[PlyCount "132"]
[GameId "2150748453581758"]
[EventDate "2025.02.21"]
[EventType "swiss"]
[EventRounds "5"]
[EventCountry "CAN"]
[TimeControl "5400+30"]

1. e4 c5 2. Nf3 e6 3. d4 cxd4 4. Nxd4 a6 5. Nc3 Qc7 6. g3 Nf6 7. Bg2 Be7 8. O-O O-O 9. Be3 d6 10. a4 Nbd7 11. f4 Nb6 12. Bf2 g6 13. h3 e5 14. Nde2 Be6 15. b3 exf4 16. gxf4 d5 17. a5 Nbd7 18. Nxd5 Bxd5 19. exd5 Bc5 20. c4 Rfe8 21. Ra2 Qd6 22. Bd4 Re7 23. Ng3 Rae8 24. Kh2 h5 25. Qa1 h4 26. Nh1 Bxd4 27. Qxd4 Re3 28. Rf3 R8e4 29. Qd2 Rxf4 30. Rxe3 Rf2+ 31. Kg1 Rxd2 32. Rxd2 Qc5 33. Rde2 Nh5 34. Nf2 Nf4 35. Re1 Qxa5 36. Kf1 Nf6 37. Nd3 N6h5 38. d6 Qd2 39. Nxf4 Nxf4 40. Bxb7 Qxd6 41. Rf3 g5 42. Be4 Qd2 43. Rfe3 Qd4 44. Bb7 Nd3 45. R1e2 Qa1+ 46. Kg2 Nf4+ 47. Kf2 Qf6 48. Ke1 Nxe2 49. Kxe2 Qb2+ 50. Ke1 f5 51. Bd5+ Kf8 52. Rf3 Ke7 53. Kd1 Kd6 54. Rd3 Kc5 55. Be6 Qf2 56. Rd5+ Kb4 57. Bxf5 Qf3+ 58. Kd2 Qf2+ 59. Kd3 Kxb3 60. c5 Qc2+ 61. Kd4 Qc3+ 62. Ke4 Kb4 63. Bd7 Qe1+ 64. Kd4 Qf2+ 65. Kd3 Qf3+ 66. Kd4 Qf4+ 0-1

[Event "Carnaval"]
[Site "Quebec CAN"]
[Date "2025.02.22"]
[Round "2"]
[White "Marquis, Paul"]
[Black "Di Matteo, Alessio"]
[Result "0-1"]
[WhiteElo "1861"]
[BlackElo "1973"]
[WhiteFideId "-1"]
[WhiteFideId "-1"]
[PlyCount "74"]
[GameId "2151043325416374"]
[EventDate "2025.02.21"]
[EventType "swiss"]
[EventRounds "5"]
[EventCountry "CAN"]
[TimeControl "5400+30"]

1. e4 c5 2. Nf3 e6 3. d4 cxd4 4. Nxd4 a6 5. Bd3 Bc5 6. Nb3 Ba7 7. O-O Ne7 8. a4 Nbc6 9. Bg5 d6 10. Nc3 O-O 11. Kh1 e5 12. Qd2 Be6 13. Rad1 f6 14. Bh4 g5 15. Bg3 Ng6 16. Nd5 Bxd5 17. exd5 Nce7 18. c4 h6 19. f3 Nf4 20. Bb1 Rc8 21. Rc1 f5 22. Bf2 Bxf2 23. Rxf2 Qb6 24. Ba2 Nd3 25. Qxd3 Qxf2 26. c5 e4 27. Qd4 Qxd4 28. Nxd4 e3 29. Ne6 Rf6 30. Re1 Rxe6 31. dxe6 Rxc5 32. g3 f4 33. gxf4 gxf4 34. Re2 Kg7 35. Kg2 Kf6 36. b4 Rg5+ 37. Kh3 d5 0-1